000 00359nam a22001457a 4500
003 OSt
005 20211231131345.0
008 211231b |||||||| |||| 00| 0 eng d
020 _a0132106426
040 _cHU
082 _a006.7
100 _aRaghavan
_926613
245 _aNetworked Multimedia Systems Concepts Architecture & Design
942 _2ddc
_cBOOKS
_n0
999 _c25542
_d25542